| LEADER | 09497nam a2200865 4500 | ||
|---|---|---|---|
| 082 | |a 807.6 |b B103t. | ||
| 100 | |a Nguyễn Khắc Phi | ||
| 245 | |a Bài tập ngữ văn 8 |c Nguyễn Khắc Phi, Nguyễn Hoành Khung, Nguyễn Minh Thuyết,... |n T.1 | ||
| 260 | |a H. |b Giáo dục |c 2006 | ||
| 300 | |a 96 tr. |c 24 cm | ||
| 520 | |a v.v... | ||
| 653 | |a Văn học | ||
| 653 | |a Ngữ văn | ||
| 653 | |a lớp 8 | ||
| 653 | |a bài tập | ||
| 942 | |2 ddc |c STK | ||
| 999 | |c 9872 |d 9872 | ||
| 952 | |0 0 |1 0 |2 ddc |4 0 |6 807_600000000000000_B103T |7 0 |8 800 |9 77735 |a qbu |b qbu |c D5 |d 2015-06-11 |g 4000 |o 807.6 B103t. |p 9340.c1 |r 0000-00-00 |w 2015-06-11 |y STK | ||
| 952 | |0 0 |1 0 |2 ddc |4 0 |6 807_600000000000000_B103T |7 0 |8 800 |9 77736 |a qbu |b qbu |c D5 |d 2015-06-11 |g 4000 |o 807.6 B103t. |p 9340.c2 |r 0000-00-00 |w 2015-06-11 |y STK | ||
| 952 | |0 0 |1 0 |2 ddc |4 0 |6 807_600000000000000_B103T |7 0 |8 800 |9 77737 |a qbu |b qbu |c D5 |d 2015-06-11 |g 4000 |o 807.6 B103t. |p 9340.c3 |r 0000-00-00 |w 2015-06-11 |y STK | ||
| 952 | |0 0 |1 0 |2 ddc |4 0 |6 807_600000000000000_B103T |7 0 |8 800 |9 77738 |a qbu |b qbu |c D5 |d 2015-06-11 |g 4000 |o 807.6 B103t. |p 9340.c4 |r 0000-00-00 |w 2015-06-11 |y STK | ||
| 952 | |0 0 |1 0 |2 ddc |4 0 |6 807_600000000000000_B103T |7 0 |8 800 |9 77739 |a qbu |b qbu |c D5 |d 2015-06-11 |g 4000 |o 807.6 B103t. |p 9340.c5 |r 0000-00-00 |w 2015-06-11 |y STK | ||
| 952 | |0 0 |1 0 |2 ddc |4 0 |6 807_600000000000000_B103T |7 0 |8 800 |9 77740 |a qbu |b qbu |c D5 |d 2015-06-11 |g 4000 |o 807.6 B103t. |p 9340.c6 |r 0000-00-00 |w 2015-06-11 |y STK | ||
| 952 | |0 0 |1 0 |2 ddc |4 0 |6 807_600000000000000_B103T |7 0 |8 800 |9 77741 |a qbu |b qbu |c D5 |d 2015-06-11 |g 4000 |o 807.6 B103t. |p 9340.c7 |r 0000-00-00 |w 2015-06-11 |y STK | ||
| 952 | |0 0 |1 0 |2 ddc |4 0 |6 807_600000000000000_B103T |7 0 |8 800 |9 77742 |a qbu |b qbu |c D5 |d 2015-06-11 |g 4000 |o 807.6 B103t. |p 9340.c8 |r 0000-00-00 |w 2015-06-11 |y STK | ||
| 952 | |0 0 |1 0 |2 ddc |4 0 |6 807_600000000000000_B103T |7 0 |8 800 |9 77743 |a qbu |b qbu |c D5 |d 2015-06-11 |g 4000 |o 807.6 B103t. |p 9340.c9 |r 0000-00-00 |w 2015-06-11 |y STK | ||
| 952 | |0 0 |1 0 |2 ddc |4 0 |6 807_600000000000000_B103T |7 0 |8 800 |9 77744 |a qbu |b qbu |c D5 |d 2015-06-11 |g 4000 |o 807.6 B103t. |p 9340.c10 |r 0000-00-00 |w 2015-06-11 |y STK | ||
| 952 | |0 0 |1 0 |2 ddc |4 0 |6 807_600000000000000_B103T |7 0 |8 800 |9 77745 |a qbu |b qbu |c D5 |d 2015-06-11 |g 4000 |o 807.6 B103t. |p 9340.c11 |r 0000-00-00 |w 2015-06-11 |y STK | ||
| 952 | |0 0 |1 0 |2 ddc |4 0 |6 807_600000000000000_B103T |7 0 |8 800 |9 77746 |a qbu |b qbu |c D5 |d 2015-06-11 |g 4000 |o 807.6 B103t. |p 9340.c12 |r 0000-00-00 |w 2015-06-11 |y STK | ||
| 952 | |0 0 |1 0 |2 ddc |4 0 |6 807_600000000000000_B103T |7 0 |8 800 |9 77747 |a qbu |b qbu |c D5 |d 2015-06-11 |g 4000 |o 807.6 B103t. |p 9340.c13 |r 0000-00-00 |w 2015-06-11 |y STK | ||
| 952 | |0 0 |1 0 |2 ddc |4 0 |6 807_600000000000000_B103T |7 0 |8 800 |9 77748 |a qbu |b qbu |c D5 |d 2015-06-11 |g 4000 |o 807.6 B103t. |p 9340.c14 |r 0000-00-00 |w 2015-06-11 |y STK | ||
| 952 | |0 0 |1 0 |2 ddc |4 0 |6 807_600000000000000_B103T |7 0 |8 800 |9 77749 |a qbu |b qbu |c D5 |d 2015-06-11 |g 4000 |o 807.6 B103t. |p 9340.c15 |r 0000-00-00 |w 2015-06-11 |y STK | ||
| 952 | |0 0 |1 0 |2 ddc |4 0 |6 807_600000000000000_B103T |7 0 |8 800 |9 77750 |a qbu |b qbu |c D5 |d 2015-06-11 |g 4000 |o 807.6 B103t. |p 9340.c16 |r 0000-00-00 |w 2015-06-11 |y STK | ||
| 952 | |0 0 |1 0 |2 ddc |4 0 |6 807_600000000000000_B103T |7 0 |8 800 |9 77751 |a qbu |b qbu |c D5 |d 2015-06-11 |g 4000 |o 807.6 B103t. |p 9340.c17 |r 0000-00-00 |w 2015-06-11 |y STK | ||
| 952 | |0 0 |1 0 |2 ddc |4 0 |6 807_600000000000000_B103T |7 0 |8 800 |9 77752 |a qbu |b qbu |c D5 |d 2015-06-11 |g 4000 |o 807.6 B103t. |p 9340.c18 |r 0000-00-00 |w 2015-06-11 |y STK | ||
| 952 | |0 0 |1 0 |2 ddc |4 0 |6 807_600000000000000_B103T |7 0 |8 800 |9 77753 |a qbu |b qbu |c D5 |d 2015-06-11 |g 4000 |o 807.6 B103t. |p 9340.c19 |r 0000-00-00 |w 2015-06-11 |y STK | ||
| 952 | |0 0 |1 0 |2 ddc |4 0 |6 807_600000000000000_B103T |7 0 |8 800 |9 77754 |a qbu |b qbu |c D5 |d 2015-06-11 |g 4000 |o 807.6 B103t. |p 9340.c20 |r 0000-00-00 |w 2015-06-11 |y STK | ||
| 952 | |0 0 |1 0 |2 ddc |4 0 |6 807_600000000000000_B103T |7 0 |8 800 |9 77755 |a qbu |b qbu |c D5 |d 2015-06-11 |g 4000 |o 807.6 B103t. |p 9340.c21 |r 0000-00-00 |w 2015-06-11 |y STK | ||
| 952 | |0 0 |1 0 |2 ddc |4 0 |6 807_600000000000000_B103T |7 0 |8 800 |9 77756 |a qbu |b qbu |c D5 |d 2015-06-11 |g 4000 |o 807.6 B103t. |p 9340.c22 |r 0000-00-00 |w 2015-06-11 |y STK | ||
| 952 | |0 0 |1 0 |2 ddc |4 0 |6 807_600000000000000_B103T |7 0 |8 800 |9 77757 |a qbu |b qbu |c D5 |d 2015-06-11 |g 4000 |o 807.6 B103t. |p 9340.c23 |r 0000-00-00 |w 2015-06-11 |y STK | ||
| 952 | |0 0 |1 0 |2 ddc |4 0 |6 807_600000000000000_B103T |7 0 |8 800 |9 77758 |a qbu |b qbu |c D5 |d 2015-06-11 |g 4000 |o 807.6 B103t. |p 9340.c24 |r 0000-00-00 |w 2015-06-11 |y STK | ||
| 952 | |0 0 |1 0 |2 ddc |4 0 |6 807_600000000000000_B103T |7 0 |8 800 |9 77759 |a qbu |b qbu |c D5 |d 2015-06-11 |g 4000 |o 807.6 B103t. |p 9340.c25 |r 0000-00-00 |w 2015-06-11 |y STK | ||
| 952 | |0 0 |1 0 |2 ddc |4 0 |6 807_600000000000000_B103T |7 0 |8 800 |9 77760 |a qbu |b qbu |c D5 |d 2015-06-11 |g 4000 |o 807.6 B103t. |p 9340.c26 |r 0000-00-00 |w 2015-06-11 |y STK | ||
| 952 | |0 0 |1 0 |2 ddc |4 0 |6 807_600000000000000_B103T |7 0 |8 800 |9 77761 |a qbu |b qbu |c D5 |d 2015-06-11 |g 4000 |o 807.6 B103t. |p 9340.c27 |r 0000-00-00 |w 2015-06-11 |y STK | ||
| 952 | |0 0 |1 0 |2 ddc |4 0 |6 807_600000000000000_B103T |7 0 |8 800 |9 77762 |a qbu |b qbu |c D5 |d 2015-06-11 |g 4000 |o 807.6 B103t. |p 9340.c28 |r 0000-00-00 |w 2015-06-11 |y STK | ||
| 952 | |0 0 |1 0 |2 ddc |4 0 |6 807_600000000000000_B103T |7 0 |8 800 |9 77763 |a qbu |b qbu |c D5 |d 2015-06-11 |g 4000 |o 807.6 B103t. |p 9340.c29 |r 0000-00-00 |w 2015-06-11 |y STK | ||
| 952 | |0 0 |1 0 |2 ddc |4 0 |6 807_600000000000000_B103T |7 0 |8 800 |9 77764 |a qbu |b qbu |c D5 |d 2015-06-11 |g 4000 |o 807.6 B103t. |p 9340.c30 |r 0000-00-00 |w 2015-06-11 |y STK | ||
| 952 | |0 0 |1 0 |2 ddc |4 0 |6 807_600000000000000_B103T |7 0 |8 800 |9 77765 |a qbu |b qbu |c D5 |d 2015-06-11 |g 4000 |o 807.6 B103t. |p 9340.c31 |r 0000-00-00 |w 2015-06-11 |y STK | ||
| 952 | |0 0 |1 0 |2 ddc |4 0 |6 807_600000000000000_B103T |7 0 |8 800 |9 77766 |a qbu |b qbu |c D5 |d 2015-06-11 |g 4000 |o 807.6 B103t. |p 9340.c32 |r 0000-00-00 |w 2015-06-11 |y STK | ||
| 952 | |0 0 |1 0 |2 ddc |4 0 |6 807_600000000000000_B103T |7 0 |8 800 |9 77767 |a qbu |b qbu |c D5 |d 2015-06-11 |g 4000 |o 807.6 B103t. |p 9340.c33 |r 0000-00-00 |w 2015-06-11 |y STK | ||
| 952 | |0 0 |1 0 |2 ddc |4 0 |6 807_600000000000000_B103T |7 0 |8 800 |9 77768 |a qbu |b qbu |c D5 |d 2015-06-11 |g 4000 |o 807.6 B103t. |p 9340.c34 |r 0000-00-00 |w 2015-06-11 |y STK | ||
| 952 | |0 0 |1 0 |2 ddc |4 0 |6 807_600000000000000_B103T |7 0 |8 800 |9 77769 |a qbu |b qbu |c D5 |d 2015-06-11 |g 4000 |o 807.6 B103t. |p 9340.c35 |r 0000-00-00 |w 2015-06-11 |y STK | ||
| 952 | |0 0 |1 0 |2 ddc |4 0 |6 807_600000000000000_B103T |7 0 |8 800 |9 77770 |a qbu |b qbu |c D5 |d 2015-06-11 |g 4000 |o 807.6 B103t. |p 9340.c36 |r 0000-00-00 |w 2015-06-11 |y STK | ||
| 952 | |0 0 |1 0 |2 ddc |4 0 |6 807_600000000000000_B103T |7 0 |8 800 |9 77771 |a qbu |b qbu |c D5 |d 2015-06-11 |g 4000 |o 807.6 B103t. |p 9340.c37 |r 0000-00-00 |w 2015-06-11 |y STK | ||
| 952 | |0 0 |1 0 |2 ddc |4 0 |6 807_600000000000000_B103T |7 0 |8 800 |9 77772 |a qbu |b qbu |c D5 |d 2015-06-11 |g 4000 |o 807.6 B103t. |p 9340.c38 |r 0000-00-00 |w 2015-06-11 |y STK | ||
| 952 | |0 0 |1 0 |2 ddc |4 0 |6 807_600000000000000_B103T |7 0 |8 800 |9 77773 |a qbu |b qbu |c D5 |d 2015-06-11 |g 4000 |o 807.6 B103t. |p 9340.c39 |r 0000-00-00 |w 2015-06-11 |y STK | ||
| 952 | |0 0 |1 0 |2 ddc |4 0 |6 807_600000000000000_B103T |7 0 |8 800 |9 77774 |a qbu |b qbu |c D5 |d 2015-06-11 |g 4000 |o 807.6 B103t. |p 9340.c40 |r 0000-00-00 |w 2015-06-11 |y STK | ||
| 952 | |0 0 |1 0 |2 ddc |4 0 |6 807_600000000000000_B103T |7 0 |8 800 |9 77775 |a qbu |b qbu |c D5 |d 2015-06-11 |g 4000 |o 807.6 B103t. |p 9340.c41 |r 2020-07-28 |w 2015-06-11 |y STK | ||
| 952 | |0 0 |1 0 |2 ddc |4 0 |6 807_600000000000000_B103T |7 0 |8 800 |9 77776 |a qbu |b qbu |c D5 |d 2015-06-11 |g 4000 |o 807.6 B103t. |p 9340.c42 |r 0000-00-00 |w 2015-06-11 |y STK | ||
| 952 | |0 0 |1 0 |2 ddc |4 0 |6 807_600000000000000_B103T |7 0 |8 800 |9 77777 |a qbu |b qbu |c D5 |d 2015-06-11 |g 4000 |o 807.6 B103t. |p 9340.c43 |r 0000-00-00 |w 2015-06-11 |y STK | ||
| 952 | |0 0 |1 0 |2 ddc |4 0 |6 807_600000000000000_B103T |7 0 |8 800 |9 77778 |a qbu |b qbu |c D5 |d 2015-06-11 |g 4000 |o 807.6 B103t. |p 9340.c44 |r 0000-00-00 |w 2015-06-11 |y STK | ||
| 952 | |0 0 |1 0 |2 ddc |4 0 |6 807_600000000000000_B103T |7 0 |8 800 |9 77779 |a qbu |b qbu |c D5 |d 2015-06-11 |g 4000 |o 807.6 B103t. |p 9340.c45 |r 0000-00-00 |w 2015-06-11 |y STK | ||
| 952 | |0 0 |1 0 |2 ddc |4 0 |6 807_600000000000000_B103T |7 0 |8 800 |9 77780 |a qbu |b qbu |c D5 |d 2015-06-11 |g 4000 |o 807.6 B103t. |p 9340.c46 |r 0000-00-00 |w 2015-06-11 |y STK | ||
| 952 | |0 0 |1 0 |2 ddc |4 0 |6 807_600000000000000_B103T |7 0 |8 800 |9 77781 |a qbu |b qbu |c D5 |d 2015-06-11 |g 4000 |o 807.6 B103t. |p 9340.c47 |r 0000-00-00 |w 2015-06-11 |y STK | ||
| 952 | |0 0 |1 0 |2 ddc |4 0 |6 807_600000000000000_B103T |7 0 |8 800 |9 77782 |a qbu |b qbu |c D5 |d 2015-06-11 |g 4000 |o 807.6 B103t. |p 9340.c48 |r 0000-00-00 |w 2015-06-11 |y STK | ||
| 952 | |0 0 |1 0 |2 ddc |4 0 |6 807_600000000000000_B103T |7 0 |8 800 |9 77783 |a qbu |b qbu |c D5 |d 2015-06-11 |g 4000 |o 807.6 B103t. |p 9340.c49 |r 0000-00-00 |w 2015-06-11 |y STK | ||
| 952 | |0 0 |1 0 |2 ddc |4 0 |6 807_600000000000000_B103T |7 0 |8 800 |9 77784 |a qbu |b qbu |c D5 |d 2015-06-11 |g 4000 |o 807.6 B103t. |p 9340.c50 |r 0000-00-00 |w 2015-06-11 |y STK | ||
| 952 | |0 0 |1 0 |2 ddc |4 0 |6 807_600000000000000_B103T |7 0 |8 800 |9 77785 |a qbu |b qbu |c D5 |d 2015-06-11 |g 4000 |o 807.6 B103t. |p 9340.c51 |r 0000-00-00 |w 2015-06-11 |y STK | ||
| 952 | |0 0 |1 0 |2 ddc |4 0 |6 807_600000000000000_B103T |7 0 |8 800 |9 77786 |a qbu |b qbu |c D5 |d 2015-06-11 |g 4000 |o 807.6 B103t. |p 9340.c52 |r 0000-00-00 |w 2015-06-11 |y STK | ||
| 952 | |0 0 |1 0 |2 ddc |4 0 |6 807_600000000000000_B103T |7 0 |8 800 |9 77787 |a qbu |b qbu |c D5 |d 2015-06-11 |g 4000 |o 807.6 B103t. |p 9340.c53 |r 0000-00-00 |w 2015-06-11 |y STK | ||
| 952 | |0 0 |1 0 |2 ddc |4 0 |6 807_600000000000000_B103T |7 0 |8 800 |9 77788 |a qbu |b qbu |c D5 |d 2015-06-11 |g 4000 |o 807.6 B103t. |p 9340.c54 |r 0000-00-00 |w 2015-06-11 |y STK | ||
| 952 | |0 0 |1 0 |2 ddc |4 0 |6 807_600000000000000_B103T |7 0 |8 800 |9 77789 |a qbu |b qbu |c D5 |d 2015-06-11 |g 4000 |o 807.6 B103t. |p 9340.c55 |r 0000-00-00 |w 2015-06-11 |y STK | ||
| 952 | |0 0 |1 0 |2 ddc |4 0 |6 807_600000000000000_B103T |7 0 |8 800 |9 77790 |a qbu |b qbu |c D5 |d 2015-06-11 |g 4000 |o 807.6 B103t. |p 9340.c56 |r 0000-00-00 |w 2015-06-11 |y STK | ||
| 952 | |0 0 |1 0 |2 ddc |4 0 |6 807_600000000000000_B103T |7 0 |8 800 |9 77791 |a qbu |b qbu |c D5 |d 2015-06-11 |g 4000 |o 807.6 B103t. |p 9340.c57 |r 0000-00-00 |w 2015-06-11 |y STK | ||
| 952 | |0 0 |1 0 |2 ddc |4 0 |6 807_600000000000000_B103T |7 0 |8 800 |9 77792 |a qbu |b qbu |c D5 |d 2015-06-11 |g 4000 |o 807.6 B103t. |p 9340.c58 |r 0000-00-00 |w 2015-06-11 |y STK | ||